| Tag |
First Indicator |
Second Indicator |
Subfields |
| LEADER |
00000cam a2200000 4500 |
| 001 |
in00000055502 |
| 005 |
20151008052240.0 |
| 008 |
790620s1950 dcub 00000 eng |
| 010 |
|
|
|a 50011983
|
| 035 |
|
|
|a (OCoLC)05089081
|
| 035 |
|
|
|9 AAH2436AM
|
| 040 |
|
|
|a DLC
|c AFU
|d TXA
|d UtOrBLW
|
| 049 |
|
|
|a TXAM
|c [194953]
|
| 050 |
0 |
0 |
|a HC197
|b .I46
|
| 092 |
|
|
|a 338.986
|b I61b
|
| 110 |
2 |
|
|a World Bank.
|
| 245 |
1 |
4 |
|a The basis of a development program for Colombia ;
|b report of a mission /
|c headed by Lauchlin Currie and sponsored by the International Bank for Reconstruction and Development in collaboration with the Government of Colombia.
|
| 264 |
|
1 |
|a Washington,
|b [publisher not identified] ;
|c 1950.
|
| 300 |
|
|
|a xxxviii, 642 pages :
|b maps (part color, 1 folded) ;
|c 25 cm.
|
| 336 |
|
|
|a text
|b txt
|2 rdacontent
|
| 337 |
|
|
|a unmediated
|b n
|2 rdamedia
|
| 338 |
|
|
|a volume
|b nc
|2 rdacarrier
|
| 500 |
|
|
|a "IBRD special publication. Sales number: IBRD. 1950.2."
|
| 500 |
|
|
|a Front pocket contains "The Summary" of report. "IBRD special publication. Sales publication. Sales number IBRD. 1950.1."
|
| 651 |
|
0 |
|a Colombia
|x Economic policy.
|
| 651 |
|
0 |
|a Colombia
|x Economic conditions
|y 1918-
|
| 700 |
1 |
|
|a Currie, Lauchlin Bernard.
|
| 999 |
|
|
|a MARS
|
| 999 |
f |
f |
|s 2e48ef9f-523a-3fa8-9a68-ef8a29c3b610
|i eaf4b8f9-6ebc-3c2f-baec-66249fbc4610
|t 0
|
| 952 |
f |
f |
|p ric
|a Texas A&M University
|b Rellis Campus
|c Joint Library Facility
|d Remote Storage
|t 0
|e HC197 .I46
|h Library of Congress classification
|i unmediated -- volume
|m A14800776462
|
| 998 |
f |
f |
|a HC197 .I46
|t 0
|l Remote Storage
|